| 000 | 01310nam a2200349 4500 | ||
|---|---|---|---|
| 001 | 0000020837 | ||
| 003 | CO-CtgCURN | ||
| 005 | 20250515160200.0 | ||
| 007 | ta | ||
| 008 | 160627s2003 000 0 eng d | ||
| 020 | _a9583504343 | ||
| 040 |
_aCO-CtgCURN _bspa _ccoctgcurn |
||
| 082 | 0 |
_a346.052 _bR15s |
|
| 100 | 1 | _aRamírez Fuertes, Roberto. | |
| 245 | 1 | 0 |
_aSucesiones / _cRoberto Ramírez Fuertes. |
| 250 | _a6a ed. | ||
| 260 |
_aBogotá : _bTemis, _c2003. |
||
| 300 | _axxiv, 302 p. | ||
| 336 | _2rdacontent | ||
| 337 |
_2rdamedia _asin mediacion _bn |
||
| 338 |
_2rdacarrier _avolumen _bnc |
||
| 504 | _aBibliografia (p. 281) | ||
| 505 | 8 | _aOrganizacion del derecho de suceder.--Reglas generales sobre sucesion intestada.--Sucesion testada.--Restricciones a la libertad de testar y revocacion del testamento.--Administracion y liquidacion de la herencia | |
| 650 | 1 | 4 | _aLey 29 de 1952. |
| 908 | _a160627 | ||
| 942 |
_cBK _h346.052 _iR15s _2ddc _n0 |
||
| 999 |
_c20234 _d20234 |
||